Strategic public finance
Strategic Public Finance is not a conventional treatment of public finance in that it requires no knowledge of economics. It is suitable for multidisciplinary undergraduate and taught postgraduate degree programmes focusing on social policy, social sciences, the welfare state, public administration,...
Đã lưu trong:
| 主要作者: | |
|---|---|
| 格式: | 圖書 |
| 語言: | Undetermined |
| 出版: |
New York
Palgrave Macmillan
2004
|
| 主題: | |
| 標簽: |
添加標簽
沒有標簽, 成為第一個標記此記錄!
|
| Thư viện lưu trữ: | Trung tâm Học liệu Trường Đại học Cần Thơ |
|---|
| LEADER | 01697nam a2200241Ia 4500 | ||
|---|---|---|---|
| 001 | CTU_116529 | ||
| 008 | 210402s9999 xx 000 0 und d | ||
| 020 | |c 521000 | ||
| 082 | |a 352.4 | ||
| 082 | |b B155 | ||
| 100 | |a Bailey, Stephen | ||
| 245 | 0 | |a Strategic public finance | |
| 245 | 0 | |c Stephen Bailey | |
| 260 | |a New York | ||
| 260 | |b Palgrave Macmillan | ||
| 260 | |c 2004 | ||
| 520 | |a Strategic Public Finance is not a conventional treatment of public finance in that it requires no knowledge of economics. It is suitable for multidisciplinary undergraduate and taught postgraduate degree programmes focusing on social policy, social sciences, the welfare state, public administration, politics and public policy. It is especially suitable for Master of Business Administration (MBA) programmes. Its focus being on strategic issues in public finance, the book covers the main alternative political philosophies underpinning public finance, the theoretical impact of collective choices and public finance on property rights, its relative scale in developed countries, spending and raising public finance, potential beneficial and adverse effects of public finance, structural gaps, strategic local public finance, potential use of vouchers to distribute public finance and a strategy for public finance. The comparative analysis of time-series data relating to all OECD countries outlines the present and future challenges for this topical area of finance. | ||
| 526 | |a Tài chính công nâng cao | ||
| 526 | |b KT924 | ||
| 650 | |a Finance, public,Finance, public | ||
| 650 | |x OECD countries | ||
| 904 | |i Hiếu | ||
| 980 | |a Trung tâm Học liệu Trường Đại học Cần Thơ | ||